Statistics for Shrek Quiz #2

Click here to take the quiz!

General Stats

  • This quiz has been taken 69 times
  • The average score is 8 of 20

Answer Stats

QuestionAnswer% Correct
E) Where are Fiona's parents King and Queen of?Far Far Away
97%
E) Who did Prince Charming find at Fiona's towerBig bad wolf
95%
E) Jenifer Saunders sang which song during Shrek's rescue mission?I need a hero
81%
M) Happiness is only what away?Tear drop
66%
E) Who plays Puss in Boots?Antonio Banderas
64%
M) What is the name of the Giant Gingerbread man?Mongo
62%
H) What is Fiona's mother calledLillian
48%
H) What breed of dog does the Fairy Godmother give Fiona?Bichon Frise
34%
V) Who got swept up on the red carpet?Tom Thumb and Thumbelina
33%
V) What is the name of the Ugly Step-Sister who is a Barmaid?Doris
31%
M) What is the name of the overzealous horn player?Reggie
31%
M) How does the Fairy Godmother describe Shrek's fingers?Dirty Green Sausages
29%
E) Prince Charming receives what with his medieval meal?Battle axe
22%
V) What is the name of the fast food restaurant the Fairy godmother takes King Harold to?Friars fat boy
22%
V) What is the name of one of the women who find Shrek and Donkey after the potion?Jill
22%
H) Donkey and Shrek walk past a bush that resembles what famous singer?Shirley Bassey
19%
H) What is the name of the hotel Shrek and Fiona stay in during their honeymoon?Hansel's Honeymoon Hideaway
12%
M) What is the name of the pub King Harold seeks Puss in Boots help from?The poison apple inn
9%
H) What does Shrek's fake Union represent?The workers in all magical industries both evil and benign
7%
V) What are the three potions Puss offers to Shrek before settling on Happily ever after potion?Toad Stool Softener, Health-a-svelter and Hex-lax
5%

Score Distribution

Percentile by Number Answered

Percent of People with Each Score

Your Score History

You have not taken this quiz